| 000 | 01127cam a2200385 a 4500 | ||
|---|---|---|---|
| 001 | data | ||
| 005 | 20260322212117.0 | ||
| 008 | data | ||
| 035 | _a2317840 | ||
| 906 |
_a7 _bcbc _corignew _d4 _encip _f19 _gy-gencatlg |
||
| 010 | _a 81106061 | ||
| 015 | _aGB*** | ||
| 020 |
_a0713163232 : _c£9.50 |
||
| 020 |
_a0713163240 _qpbk. |
||
| 020 | _a9780713163230 | ||
| 020 |
_a9780713163247 _q(pbk.) |
||
| 035 | _9(DLC) 81106061 | ||
| 040 |
_aDLC _cDLC _dDLC |
||
| 050 | 0 | 0 |
_aD16.8 _b.H27 |
| 082 | 0 | 0 |
_a901 _219 |
| 100 | 1 | _aHaddock, B. A. | |
| 245 | 1 | 3 |
_aAn introduction to historical thought / _cB.A. Haddock. |
| 260 |
_aLondon : _bE. Arnold, _c1980. |
||
| 300 |
_a184 p. ; _c23 cm. |
||
| 336 |
_atext _btxt _2rdacontent |
||
| 337 |
_aunmediated _bn _2rdamedia |
||
| 338 |
_avolume _bnc _2rdacarrier |
||
| 500 | _aIncludes index. | ||
| 504 | _aBibliography: p. 175-181. | ||
| 650 | 0 |
_aHistory _xHistory. _xHistory. |
|
| 650 | 0 |
_aHistory _xHistory. _xHistory. |
|
| 650 | 0 |
_aHistoriography _xHistory. |
|
| 991 |
_bc-GenColl _hD16.8 _i.H27 _tCopy 1 _wBOOKS |
||
| 999 |
_c1781 _d1781 |
||